| 000 | 01821nam a2200373 i 4500 | ||
|---|---|---|---|
| 001 | 196863 | ||
| 003 | ES-MaACL | ||
| 005 | 20250716003041.0 | ||
| 007 | ta | ||
| 008 | 250113s1877 sp ||| | spa d | ||
| 035 |
_aCPB93000158 _zCCPB000096053-5 _z0100093033 |
||
| 035 | _aCCPB000140829-1 | ||
| 040 |
_aCAM _bspa _erdc _cES-MaACL |
||
| 100 | 1 |
_aRevilla, Manuel de la, _d1846-1881 _996432 _eaut |
|
| 245 | 1 | 0 |
_aPrincipios generales de literatura e historia de la literatura española / _cpor Manuel de la Revilla y Pedro de Alcántara García. |
| 246 | 1 | _aHistoria de la literatura española | |
| 250 | _a2ª ed. aum. y rev. | ||
| 260 |
_aMadrid : _bLibrería de Francisco Iravedra, _c1877 _f(Imp. de Pascual Conesa) |
||
| 300 |
_a2 volúmenes (X, 529 ; 798 páginas) ; _c22 cm. |
||
| 336 |
_2rdacontent _atexto |
||
| 337 |
_2rdamedia _asin mediación |
||
| 338 |
_2rdacarrier _avolumen |
||
| 505 | 0 | _aVol. 1. Principios generales de literatura - v. 2: Historia de la literatura española / Pedro de Alcántara García | |
| 510 |
_aCCPB, _c000140829-1 |
||
| 650 | 4 |
_aLiteratura española- _xHistoria y crítica _914560 |
|
| 650 | 4 |
_aPreceptiva literaria _9150091 |
|
| 700 | 1 |
_aGarcía, Pedro de Alcántara, _d1842-1906 _eaut _954086 |
|
| 752 |
_aEspaña _dMadrid |
||
| 852 |
_aES-MaACL _cDEPO2 _fSello en tinta en portada: "Patricio Sánchez Gra. Zorita. Presbítero" _hDonación: "El presbítero, Don Patricio Sánchez García" _jG-16023 _pv. 1 _xPasta española _9204529 |
||
| 852 |
_aES-MaACL _cDEPO2 _fSello en tinta en portada: "Patricio Sánchez Gra. Zorita. Presbítero" _hDonación: "El presbítero, Don Patricio Sánchez García" _jG-16024 _pv. 2 _xPasta española _9204530 |
||
| 903 |
_9239453 _aSanchez García, Patricio, _cPresbitero _ednr |
||
| 942 |
_n0 _cMONANT |
||
| 999 |
_c196863 _d196863 |
||